[Event "WCO 2016"]
[Site "?"]
[Date "2016.09.13"]
[Round "11"]
[Board "23"]
[WhiteID "10609962"]
[White "Wafa Shahenda"]
[BlackID "6102115"]
[Black "Moraga Maria"]
[Result "1-0"]
[BlackElo "1732"]
[WhiteElo "2113"]
[LiveChessVersion "1.4.8"]

1. e4 {[%clk 1:30:56]} e5 {[%clk 1:30:47]} 2. Nf3 {[%clk 1:31:17]} Nc6
{[%clk 1:31:09]} 3. Bb5 {[%clk 1:31:37]} a6 {[%clk 1:31:01]} 4. Ba4
{[%clk 1:31:57]} b5 {[%clk 1:30:53]} 5. Bb3 {[%clk 1:32:16]} Nf6 {[%clk 1:29:28]}
6. O-O {[%clk 1:29:02]} Bc5 {[%clk 1:29:07]} 7. d3 {[%clk 1:26:07]} h6
{[%clk 1:21:59]} 8. c3 {[%clk 1:25:39]} Bb6 {[%clk 1:18:00]} 9. Be3
{[%clk 1:25:16]} Bxe3 {[%clk 1:16:49]} 10. fxe3 {[%clk 1:25:38]} Bb7
{[%clk 1:16:33]} 11. Nbd2 {[%clk 1:23:44]} d6 {[%clk 1:14:03]} 12. Qe1
{[%clk 1:18:19]} Qe7 {[%clk 1:12:41]} 13. d4 {[%clk 1:13:15]} O-O-O
{[%clk 1:11:49]} 14. d5 {[%clk 1:12:36]} Na7 {[%clk 1:10:58]} 15. a4
{[%clk 1:12:24]} g5 {[%clk 1:04:46]} 16. Bc2 {[%clk 1:08:47]} Rdg8
{[%clk 1:03:58]} 17. axb5 {[%clk 1:08:22]} Nxb5 {[%clk 1:03:45]} 18. Nb3
{[%clk 1:07:07]} g4 {[%clk 1:02:48]} 19. Nh4 {[%clk 1:05:33]} g3 {[%clk 0:52:12]}
20. h3 {[%clk 1:05:39]} Nh7 {[%clk 0:48:58]} 21. Nf5 {[%clk 1:05:27]} Qe8
{[%clk 0:43:00]} 22. c4 {[%clk 1:04:23]} Na7 {[%clk 0:42:47]} 23. c5
{[%clk 1:04:26]} dxc5 {[%clk 0:41:50]} 24. Nxc5 {[%clk 1:04:18]} Rg6
{[%clk 0:40:26]} 25. Bd3 {[%clk 1:02:45]} Ng5 {[%clk 0:38:42]} 26. d6
{[%clk 0:58:04]} cxd6 {[%clk 0:37:27]} 27. Nxb7 {[%clk 0:58:15]} Kxb7
{[%clk 0:37:25]} 28. Rxa6 1-0

[Event "WCO 2016"]
[Site "?"]
[Date "2016.09.13"]
[Round "11"]
[Board "24"]
[WhiteID "6102387"]
[White "Leon Sandoval Johan"]
[BlackID "10606700"]
[Black "Elansary Eman"]
[Result "1/2-1/2"]
[BlackElo "1949"]
[WhiteElo "1703"]
[LiveChessVersion "1.4.8"]

1. c4 {[%clk 1:30:40]} e5 {[%clk 1:30:39]} 2. Nc3 {[%clk 1:30:58]} Nf6
{[%clk 1:30:55]} 3. g3 {[%clk 1:31:14]} d5 {[%clk 1:30:33]} 4. cxd5
{[%clk 1:31:16]} Nxd5 {[%clk 1:30:25]} 5. Bg2 {[%clk 1:31:30]} Ne7
{[%clk 1:30:14]} 6. e3 {[%clk 1:31:22]} Nbc6 {[%clk 1:29:08]} 7. Nge2
{[%clk 1:29:49]} g6 {[%clk 1:28:09]} 8. a3 {[%clk 1:28:33]} Bg7 {[%clk 1:27:57]}
9. d3 {[%clk 1:28:22]} O-O {[%clk 1:27:48]} 10. O-O {[%clk 1:28:44]} Bf5
{[%clk 1:23:27]} 11. Ne4 {[%clk 1:26:57]} Qc8 {[%clk 1:20:56]} 12. Re1
{[%clk 1:25:11]} h6 {[%clk 1:18:27]} 13. Qc2 {[%clk 1:25:21]} g5 {[%clk 1:14:10]}
14. f4 {[%clk 1:21:22]} exf4 {[%clk 1:07:42]} 15. exf4 {[%clk 1:20:30]} Nd4
{[%clk 1:06:29]} 16. Nxd4 {[%clk 1:16:49]} Bxd4+ {[%clk 1:06:41]} 17. Kh1
{[%clk 1:16:39]} g4 {[%clk 1:00:52]} 18. Nc5 {[%clk 1:10:06]} Bxc5
{[%clk 0:44:12]} 19. Qxc5 {[%clk 1:09:31]} Ng6 {[%clk 0:43:31]} 20. Qc3
{[%clk 1:07:42]} c6 {[%clk 0:42:48]} 21. b4 {[%clk 1:07:40]} Qd7 {[%clk 0:40:49]}
22. Bb2 {[%clk 1:05:19]} f6 {[%clk 0:41:06]} 23. Re3 {[%clk 1:02:01]} Rad8
{[%clk 0:39:11]} 24. Qc4+ {[%clk 0:57:30]} Kg7 {[%clk 0:38:37]} 25. Rae1
{[%clk 0:51:40]} Bxd3 {[%clk 0:28:29]} 26. Qc5 {[%clk 0:51:10]} Rde8
{[%clk 0:28:33]} 27. Rxe8 {[%clk 0:42:46]} Rxe8 {[%clk 0:28:05]} 28. Rxe8
{[%clk 0:42:41]} Qxe8 {[%clk 0:28:22]} 29. Qc3 {[%clk 0:42:53]} Qd8
{[%clk 0:27:45]} 30. Qd2 {[%clk 0:39:10]} Qd7 {[%clk 0:26:12]} 31. Kg1
{[%clk 0:38:55]} Bf5 {[%clk 0:26:15]} 32. Qc3 {[%clk 0:36:58]} Qd1+
{[%clk 0:25:04]} 33. Kf2 {[%clk 0:36:09]} Qc2+ {[%clk 0:25:17]} 34. Ke3
{[%clk 0:33:23]} Qxc3+ {[%clk 0:25:15]} 35. Bxc3 {[%clk 0:33:31]} Kf7
{[%clk 0:24:42]} 36. b5 {[%clk 0:30:51]} Ne7 {[%clk 0:21:33]} 37. bxc6
{[%clk 0:29:14]} bxc6 {[%clk 0:20:07]} 38. Bb4 {[%clk 0:28:53]} Nd5+
{[%clk 0:13:56]} 39. Bxd5+ {[%clk 0:19:17]} cxd5 {[%clk 0:13:17]} 40. Kd4
{[%clk 0:49:27]} 1/2-1/2

[Event "WCO 2016"]
[Site "?"]
[Date "2016.09.13"]
[Round "11"]
[Board "25"]
[WhiteID "3101193"]
[White "Vazquez Maccarini Danitza"]
[BlackID "6502911"]
[Black "Rodriguez Arrieta Maria Elena"]
[Result "1-0"]
[BlackElo "1903"]
[WhiteElo "2142"]
[LiveChessVersion "1.4.8"]

1. e4 {[%clk 1:30:57]} e5 {[%clk 1:30:47]} 2. Nf3 {[%clk 1:31:07]} Nc6
{[%clk 1:31:10]} 3. Bb5 {[%clk 1:31:14]} a6 {[%clk 1:31:35]} 4. Ba4
{[%clk 1:31:33]} Nf6 {[%clk 1:31:59]} 5. d3 {[%clk 1:31:35]} b5 {[%clk 1:32:24]}
6. Bb3 {[%clk 1:31:58]} Be7 {[%clk 1:32:47]} 7. O-O {[%clk 1:32:16]} d6
{[%clk 1:32:53]} 8. c3 {[%clk 1:32:40]} O-O {[%clk 1:33:10]} 9. h3
{[%clk 1:32:54]} Na5 {[%clk 1:32:53]} 10. Bc2 {[%clk 1:33:05]} c5
{[%clk 1:33:14]} 11. Re1 {[%clk 1:32:54]} Re8 {[%clk 1:31:24]} 12. Nbd2
{[%clk 1:32:22]} Nc6 {[%clk 1:31:21]} 13. Nf1 {[%clk 1:31:48]} h6
{[%clk 1:28:45]} 14. d4 {[%clk 1:27:13]} Bf8 {[%clk 1:20:24]} 15. d5
{[%clk 1:23:54]} Ne7 {[%clk 1:18:45]} 16. Nh4 {[%clk 1:18:27]} g6
{[%clk 1:18:10]} 17. Ng3 {[%clk 1:15:59]} Bg7 {[%clk 1:14:34]} 18. a4
{[%clk 1:14:05]} Rb8 {[%clk 1:12:22]} 19. axb5 {[%clk 1:12:42]} axb5
{[%clk 1:12:46]} 20. Be3 {[%clk 1:08:47]} b4 {[%clk 1:08:19]} 21. cxb4
{[%clk 1:06:02]} Rxb4 {[%clk 1:08:24]} 22. Bd2 {[%clk 1:05:49]} Rb8
{[%clk 0:54:37]} 23. Ba5 {[%clk 1:04:39]} Qd7 {[%clk 0:53:35]} 24. Ba4
{[%clk 1:03:14]} Qb7 {[%clk 0:53:53]} 25. Bxe8 {[%clk 1:02:37]} Nxe8
{[%clk 0:54:15]} 26. Bc3 {[%clk 0:58:20]} Bd7 {[%clk 0:53:01]} 27. Qd2
{[%clk 0:56:43]} Nc7 {[%clk 0:50:19]} 28. f4 {[%clk 0:53:26]} Nb5
{[%clk 0:48:01]} 29. f5 {[%clk 0:52:48]} g5 {[%clk 0:47:14]} 30. Nf3
{[%clk 0:52:19]} Be8 {[%clk 0:45:49]} 31. f6 {[%clk 0:42:04]} Bxf6
{[%clk 0:46:09]} 32. h4 {[%clk 0:42:20]} g4 {[%clk 0:45:38]} 33. Nh5
{[%clk 0:38:29]} Bg7 {[%clk 0:44:23]} 34. Nh2 {[%clk 0:36:25]} Bd7
{[%clk 0:44:40]} 35. Rf1 {[%clk 0:36:07]} f5 {[%clk 0:43:04]} 36. Qf2
{[%clk 0:33:28]} f4 {[%clk 0:38:55]} 37. Qe2 {[%clk 0:28:20]} Qc8
{[%clk 0:38:50]} 38. Nxg7 {[%clk 0:26:29]} Kxg7 {[%clk 0:39:10]} 39. Qd2
{[%clk 0:25:39]} Ng6 {[%clk 0:36:02]} 40. h5 {[%clk 0:55:36]} Nh8
{[%clk 1:06:04]} 41. Qxf4 {[%clk 0:55:32]} Kh7 {[%clk 1:05:02]} 42. Qf6
{[%clk 0:55:17]} Qg8 {[%clk 1:04:41]} 43. Ra6 {[%clk 0:48:26]} g3
{[%clk 0:56:02]} 44. Nf3 {[%clk 0:47:08]} Qg4 {[%clk 0:56:14]} 45. Qh4
{[%clk 0:42:01]} Qg7 {[%clk 0:55:47]} 46. Nd2 {[%clk 0:41:17]} Nxc3
{[%clk 0:49:41]} 47. bxc3 {[%clk 0:41:28]} Bb5 {[%clk 0:50:05]} 48. Rb1
{[%clk 0:40:35]} Bxa6 {[%clk 0:50:29]} 49. Rxb8 {[%clk 0:40:54]} Nf7
{[%clk 0:50:16]} 50. Qe7 {[%clk 0:39:08]} Be2 {[%clk 0:50:18]} 51. Nf3
{[%clk 0:39:10]} Bd3 {[%clk 0:50:34]} 52. Rb7 {[%clk 0:38:52]} Kg8
{[%clk 0:50:46]} 53. Rb8+ {[%clk 0:36:39]} Kh7 {[%clk 0:51:09]} 54. Rf8
{[%clk 0:36:02]} Nh8 {[%clk 0:50:56]} 55. Qxd6 {[%clk 0:35:11]} Bxe4
{[%clk 0:51:05]} 56. Nxe5 {[%clk 0:34:45]} Bxd5 {[%clk 0:49:10]} 57. Rxh8+
{[%clk 0:33:51]} Kxh8 {[%clk 0:49:31]} 58. Qxd5 {[%clk 0:34:01]} Qf6
{[%clk 0:49:14]} 59. Qa8+ {[%clk 0:31:59]} Kg7 {[%clk 0:49:27]} 60. Qb7+
{[%clk 0:32:25]} Kg8 {[%clk 0:49:28]} 61. Qc8+ {[%clk 0:32:40]} Kh7
{[%clk 0:49:17]} 62. Qd7+ {[%clk 0:33:04]} Kh8 {[%clk 0:49:35]} 63. Qe8+
{[%clk 0:33:28]} 1-0

[Event "WCO 2016"]
[Site "?"]
[Date "2016.09.13"]
[Round "11"]
[Board "26"]
[WhiteID "6502938"]
[White "Acevedo Mendez Lisseth"]
[BlackID "3101703"]
[Black "Morales Santos Natasha"]
[Result "0-1"]
[BlackElo "1908"]
[WhiteElo "1857"]
[LiveChessVersion "1.4.8"]

1. e4 {[%clk 1:30:49]} e6 {[%clk 1:29:25]} 2. d4 {[%clk 1:31:09]} d5
{[%clk 1:29:46]} 3. exd5 {[%clk 1:31:31]} exd5 {[%clk 1:30:07]} 4. Bd3
{[%clk 1:31:52]} Bd6 {[%clk 1:30:27]} 5. Nc3 {[%clk 1:32:07]} c6 {[%clk 1:30:34]}
6. Be3 {[%clk 1:32:14]} Nf6 {[%clk 1:30:54]} 7. Qd2 {[%clk 1:32:27]} O-O
{[%clk 1:31:09]} 8. O-O-O {[%clk 1:31:26]} b5 {[%clk 1:31:07]} 9. Nge2
{[%clk 1:29:28]} Nbd7 {[%clk 1:31:13]} 10. Bf4 {[%clk 1:26:03]} Nb6
{[%clk 1:31:14]} 11. Bxd6 {[%clk 1:11:21]} Qxd6 {[%clk 1:31:33]} 12. Qf4
{[%clk 1:11:48]} Qd8 {[%clk 1:31:33]} 13. f3 {[%clk 1:11:19]} b4 {[%clk 1:25:51]}
14. Nb1 {[%clk 1:11:44]} Nc4 {[%clk 1:24:40]} 15. g4 {[%clk 1:04:30]} Qa5
{[%clk 1:19:55]} 16. b3 {[%clk 0:57:41]} Qxa2 {[%clk 1:14:01]} 17. bxc4
{[%clk 0:47:48]} dxc4 {[%clk 1:14:16]} 18. Nec3 {[%clk 0:47:27]} bxc3
{[%clk 1:14:06]} 19. Bxh7+ {[%clk 0:40:14]} Kxh7 {[%clk 1:13:50]} 20. Nxc3
{[%clk 0:40:39]} Qa3+ {[%clk 1:13:54]} 21. Kd2 {[%clk 0:41:00]} Qxc3+
{[%clk 1:14:03]} 0-1

[Event "WCO 2016"]
[Site "?"]
[Date "2016.09.13"]
[Round "11"]
[Board "27"]
[WhiteID "3101576"]
[White "Comas Colon Rinelly M."]
[BlackID "6504396"]
[Black "Nunez Gonzalez Neeshmy"]
[Result "0-1"]
[BlackElo "1833"]
[WhiteElo "1773"]
[LiveChessVersion "1.4.8"]

1. c4 {[%clk 1:30:50]} Nf6 {[%clk 1:30:50]} 2. g3 {[%clk 1:31:01]} g6
{[%clk 1:31:15]} 3. Bg2 {[%clk 1:31:12]} Bg7 {[%clk 1:31:33]} 4. Nf3
{[%clk 1:31:01]} O-O {[%clk 1:31:57]} 5. O-O {[%clk 1:31:26]} d6 {[%clk 1:32:24]}
6. Nc3 {[%clk 1:31:32]} e5 {[%clk 1:32:35]} 7. d3 {[%clk 1:31:32]} Nc6
{[%clk 1:32:45]} 8. a3 {[%clk 1:31:33]} h6 {[%clk 1:32:56]} 9. Rb1
{[%clk 1:29:27]} Be6 {[%clk 1:33:01]} 10. Qc2 {[%clk 1:22:55]} Qd7
{[%clk 1:32:59]} 11. Re1 {[%clk 1:21:45]} Bh3 {[%clk 1:32:53]} 12. b4
{[%clk 1:19:37]} Bxg2 {[%clk 1:31:34]} 13. Kxg2 {[%clk 1:20:01]} Nh5
{[%clk 1:28:19]} 14. b5 {[%clk 1:17:42]} Ne7 {[%clk 1:28:41]} 15. Nd5
{[%clk 1:13:37]} f5 {[%clk 1:23:10]} 16. e3 {[%clk 1:08:26]} Rae8
{[%clk 1:13:01]} 17. h3 {[%clk 0:59:57]} Nxd5 {[%clk 1:06:05]} 18. cxd5
{[%clk 1:00:21]} Qf7 {[%clk 1:06:26]} 19. Qc4 {[%clk 0:57:28]} g5
{[%clk 0:53:27]} 20. Rf1 {[%clk 0:55:33]} e4 {[%clk 0:46:53]} 21. Nd4
{[%clk 0:52:35]} Bxd4 {[%clk 0:46:26]} 22. Qxd4 {[%clk 0:52:58]} Nf6
{[%clk 0:45:47]} 23. Bb2 {[%clk 0:52:17]} exd3 {[%clk 0:45:15]} 24. Rbd1
{[%clk 0:47:34]} Qxd5+ {[%clk 0:43:51]} 25. Qxd5+ {[%clk 0:47:40]} Nxd5
{[%clk 0:44:18]} 26. Rxd3 {[%clk 0:48:02]} Nb6 {[%clk 0:40:45]} 27. Rc1
{[%clk 0:45:57]} Rf7 {[%clk 0:36:56]} 28. Bd4 {[%clk 0:45:26]} Na4
{[%clk 0:22:31]} 29. Rb3 {[%clk 0:43:17]} b6 {[%clk 0:21:55]} 30. Rb4
{[%clk 0:35:01]} Nc5 {[%clk 0:22:15]} 31. Rbb1 {[%clk 0:31:07]} Ra8
{[%clk 0:21:43]} 32. f4 {[%clk 0:18:11]} Ne6 {[%clk 0:21:48]} 33. Ba1
{[%clk 0:17:58]} a6 {[%clk 0:21:21]} 34. a4 {[%clk 0:16:21]} axb5
{[%clk 0:19:13]} 35. axb5 {[%clk 0:16:46]} Ra2+ {[%clk 0:18:30]} 36. Rb2
{[%clk 0:17:07]} Ra3 {[%clk 0:17:04]} 37. Kf3 {[%clk 0:15:56]} Nc5
{[%clk 0:17:22]} 38. Rbb1 {[%clk 0:13:23]} Ne4 {[%clk 0:13:27]} 39. Rb2
{[%clk 0:10:53]} Re7 {[%clk 0:12:46]} 40. Rbc2 {[%clk 0:39:22]} Nc5
{[%clk 0:39:51]} 41. Bd4 {[%clk 0:37:45]} Re4 {[%clk 0:38:27]} 42. Ra1
{[%clk 0:32:46]} Rxa1 {[%clk 0:22:48]} 43. Bxa1 {[%clk 0:33:12]} Ra4
{[%clk 0:22:55]} 44. Bd4 {[%clk 0:30:03]} Kf7 {[%clk 0:23:06]} 45. Ke2
{[%clk 0:20:28]} Ne6 {[%clk 0:17:15]} 46. Bc3 {[%clk 0:17:18]} Re4
{[%clk 0:14:16]} 47. Kd2 {[%clk 0:13:17]} Ra4 {[%clk 0:13:23]} 48. Ke2
{[%clk 0:10:11]} Nc5 {[%clk 0:13:01]} 49. Bd4 {[%clk 0:08:44]} Ra5
{[%clk 0:11:07]} 50. Rb2 {[%clk 0:06:11]} Ne4 {[%clk 0:09:32]} 51. fxg5
{[%clk 0:05:18]} hxg5 {[%clk 0:08:04]} 52. g4 {[%clk 0:05:12]} fxg4
{[%clk 0:06:45]} 53. hxg4 {[%clk 0:05:33]} Ke6 {[%clk 0:06:27]} 54. Rb1
{[%clk 0:04:07]} Ra2+ {[%clk 0:05:14]} 55. Rb2 {[%clk 0:04:07]} Rxb2+
{[%clk 0:03:49]} 56. Bxb2 {[%clk 0:04:32]} d5 {[%clk 0:03:23]} 57. Bd4
{[%clk 0:03:52]} Nd6 {[%clk 0:03:32]} 58. Kd3 {[%clk 0:02:30]} Nxb5
{[%clk 0:03:48]} 59. Bg7 {[%clk 0:01:53]} Nd6 {[%clk 0:03:57]} 60. Bh6
{[%clk 0:00:54]} Nf7 0-1

[Event "WCO 2016"]
[Site "?"]
[Date "2016.09.13"]
[Round "11"]
[Board "28"]
[WhiteID "6505910"]
[White "Morera Campos Hazel Maria"]
[BlackID "3101851"]
[Black "Vega Jimenez Keyshla M."]
[Result "1-0"]
[BlackElo "1641"]
[WhiteElo "1822"]
[LiveChessVersion "1.4.8"]

1. e4 {[%clk 1:30:09]} c5 {[%clk 1:30:53]} 2. Nc3 {[%clk 1:30:22]} Nc6
{[%clk 1:31:09]} 3. g3 {[%clk 1:30:46]} g6 {[%clk 1:31:34]} 4. Bg2
{[%clk 1:31:12]} Bg7 {[%clk 1:31:58]} 5. d3 {[%clk 1:31:38]} d6 {[%clk 1:32:23]}
6. Be3 {[%clk 1:31:16]} Rb8 {[%clk 1:32:29]} 7. Qd2 {[%clk 1:31:24]} b5
{[%clk 1:32:31]} 8. Nge2 {[%clk 1:30:31]} b4 {[%clk 1:31:09]} 9. Nd1
{[%clk 1:30:42]} h5 {[%clk 1:28:10]} 10. c3 {[%clk 1:20:14]} Ne5 {[%clk 1:20:29]}
11. h3 {[%clk 1:17:35]} Qc7 {[%clk 1:05:42]} 12. f4 {[%clk 1:14:55]} Nc6
{[%clk 1:05:58]} 13. O-O {[%clk 1:14:19]} Nh6 {[%clk 1:00:58]} 14. Nf2
{[%clk 0:55:51]} Bd7 {[%clk 0:43:25]} 15. Kh1 {[%clk 0:47:39]} bxc3
{[%clk 0:42:12]} 16. bxc3 {[%clk 0:45:47]} a5 {[%clk 0:39:49]} 17. d4
{[%clk 0:39:06]} cxd4 {[%clk 0:31:52]} 18. cxd4 {[%clk 0:37:59]} Rb4
{[%clk 0:28:50]} 19. Rac1 {[%clk 0:25:40]} Qb8 {[%clk 0:27:09]} 20. d5
{[%clk 0:24:05]} Rb2 {[%clk 0:25:02]} 21. Rc2 {[%clk 0:21:37]} Rxc2
{[%clk 0:24:27]} 22. Qxc2 {[%clk 0:22:05]} Nb4 {[%clk 0:24:24]} 23. Qd2
{[%clk 0:22:29]} Qd8 {[%clk 0:21:32]} 24. Rc1 {[%clk 0:22:30]} f5
{[%clk 0:19:55]} 25. Bd4 {[%clk 0:21:44]} Bxd4 {[%clk 0:16:58]} 26. Qxd4
{[%clk 0:22:07]} O-O {[%clk 0:17:05]} 27. a3 {[%clk 0:21:37]} Na6
{[%clk 0:16:57]} 28. e5 {[%clk 0:20:37]} Nc5 {[%clk 0:15:10]} 29. Qc3
{[%clk 0:17:04]} Qb6 {[%clk 0:15:04]} 30. exd6 {[%clk 0:13:02]} exd6
{[%clk 0:15:10]} 31. Nd4 {[%clk 0:08:39]} Rc8 {[%clk 0:13:59]} 32. Nc6
{[%clk 0:08:01]} Kf7 {[%clk 0:08:38]} 33. Re1 {[%clk 0:07:05]} Bxc6
{[%clk 0:08:16]} 34. dxc6 {[%clk 0:07:26]} Kg8 {[%clk 0:00:36]} 35. Bd5+
{[%clk 0:07:31]} 1-0

[Event "WCO 2016"]
[Site "?"]
[Date "2016.09.13"]
[Round "11"]
[Board "25"]
[WhiteID "13800221"]
[White "Samaganova Alexandra"]
[BlackID "10202587"]
[Black "Shamima Akter Liza"]
[Result "1-0"]
[BlackElo "2129"]
[WhiteElo "2048"]
[LiveChessVersion "1.4.8"]

1. c4 {[%clk 1:30:56]} c6 {[%clk 1:30:42]} 2. Nf3 {[%clk 1:31:10]} d5
{[%clk 1:30:57]} 3. e3 {[%clk 1:31:21]} Nf6 {[%clk 1:30:51]} 4. Nc3
{[%clk 1:31:32]} Bf5 {[%clk 1:27:44]} 5. cxd5 {[%clk 1:30:53]} Nxd5
{[%clk 1:23:34]} 6. Qb3 {[%clk 1:21:12]} Nxc3 {[%clk 1:05:25]} 7. bxc3
{[%clk 1:12:04]} Qb6 {[%clk 0:57:09]} 8. Ba3 {[%clk 1:05:57]} Nd7
{[%clk 0:55:32]} 9. d4 {[%clk 1:01:29]} h6 {[%clk 0:47:28]} 10. Nd2
{[%clk 0:58:32]} Qc7 {[%clk 0:33:20]} 11. Be2 {[%clk 0:55:06]} a5
{[%clk 0:26:33]} 12. O-O {[%clk 0:51:58]} g5 {[%clk 0:25:12]} 13. f4
{[%clk 0:38:03]} Nf6 {[%clk 0:22:25]} 14. Bc5 {[%clk 0:27:26]} Be6
{[%clk 0:16:00]} 15. Bc4 {[%clk 0:18:08]} a4 {[%clk 0:15:47]} 16. Qc2
{[%clk 0:16:21]} Bxc4 {[%clk 0:08:47]} 17. Nxc4 {[%clk 0:16:49]} Nd5
{[%clk 0:08:34]} 18. Rae1 {[%clk 0:16:24]} e6 {[%clk 0:06:03]} 19. Bxf8
{[%clk 0:15:53]} Rxf8 {[%clk 0:05:47]} 20. Ne5 {[%clk 0:15:33]} Qa5
{[%clk 0:01:23]} 21. fxg5 {[%clk 0:09:49]} Qxc3 {[%clk 0:00:46]} 22. Qb1
{[%clk 0:06:35]} O-O-O {[%clk 0:00:46]} 23. Nxf7 {[%clk 0:03:50]} Nxe3
{[%clk 0:00:53]} 24. Nd6+ {[%clk 0:00:39]} Kc7 {[%clk 0:01:05]} 25. Rxf8
{[%clk 0:00:34]} Rxf8 {[%clk 0:01:14]} 26. Rc1 {[%clk 0:00:38]} Qd2
{[%clk 0:01:17]} 27. Qxb7+ {[%clk 0:00:44]} Kd8 {[%clk 0:01:26]} 28. Qc8+
{[%clk 0:00:55]} Ke7 {[%clk 0:01:51]} 29. Qc7# {[%clk 0:01:18]} 1-0

[Event "WCO 2016"]
[Site "?"]
[Date "2016.09.13"]
[Round "11"]
[Board "26"]
[WhiteID "10204482"]
[White "Sultana Sharmin Shirin"]
[BlackID "13800752"]
[Black "Omurbekova Diana"]
[Result "1-0"]
[BlackElo "1868"]
[WhiteElo "2002"]
[LiveChessVersion "1.4.8"]

1. d4 {[%clk 1:30:56]} Nf6 {[%clk 1:30:03]} 2. c4 {[%clk 1:31:19]} e6
{[%clk 1:29:59]} 3. a3 {[%clk 1:30:51]} d5 {[%clk 1:29:34]} 4. Nc3
{[%clk 1:30:42]} Be7 {[%clk 1:29:26]} 5. Nf3 {[%clk 1:30:48]} Ne4
{[%clk 1:28:06]} 6. e3 {[%clk 1:28:17]} O-O {[%clk 1:25:28]} 7. Qc2
{[%clk 1:27:49]} Nxc3 {[%clk 1:24:18]} 8. Qxc3 {[%clk 1:28:03]} dxc4
{[%clk 1:24:13]} 9. Bxc4 {[%clk 1:28:21]} b6 {[%clk 1:24:23]} 10. O-O
{[%clk 1:20:36]} Bb7 {[%clk 1:22:54]} 11. Be2 {[%clk 1:20:27]} Nd7
{[%clk 1:22:53]} 12. b4 {[%clk 1:10:38]} Nf6 {[%clk 1:22:08]} 13. Bb2
{[%clk 1:10:08]} Rc8 {[%clk 1:18:54]} 14. Ne5 {[%clk 1:00:52]} c5
{[%clk 1:00:12]} 15. dxc5 {[%clk 0:52:27]} bxc5 {[%clk 1:00:37]} 16. b5
{[%clk 0:52:47]} Ne4 {[%clk 1:00:10]} 17. Qc2 {[%clk 0:49:28]} Qd2
{[%clk 0:56:32]} 18. Rac1 {[%clk 0:45:37]} Bf6 {[%clk 0:47:45]} 19. Nc4
{[%clk 0:36:33]} Qxc2 {[%clk 0:47:27]} 20. Rxc2 {[%clk 0:37:02]} Bxb2
{[%clk 0:46:49]} 21. Nxb2 {[%clk 0:30:29]} Bd5 {[%clk 0:45:35]} 22. Bc4
{[%clk 0:30:07]} Bxc4 {[%clk 0:45:34]} 23. Nxc4 {[%clk 0:30:34]} Rfd8
{[%clk 0:45:11]} 24. f3 {[%clk 0:28:30]} Nf6 {[%clk 0:41:45]} 25. e4
{[%clk 0:26:32]} Rd3 {[%clk 0:41:05]} 26. Rfc1 {[%clk 0:25:08]} Nd7
{[%clk 0:40:10]} 27. a4 {[%clk 0:24:37]} Kf8 {[%clk 0:39:06]} 28. Rb1
{[%clk 0:21:13]} Nb6 {[%clk 0:36:10]} 29. a5 {[%clk 0:09:51]} Nxc4
{[%clk 0:35:25]} 30. Rxc4 {[%clk 0:10:20]} Ra3 {[%clk 0:35:32]} 31. a6
{[%clk 0:09:52]} Rb8 {[%clk 0:30:22]} 32. Rxc5 {[%clk 0:08:39]} Rxa6
{[%clk 0:30:41]} 33. bxa6 {[%clk 0:08:04]} Rxb1+ {[%clk 0:31:05]} 34. Kf2
{[%clk 0:08:34]} Rb2+ {[%clk 0:29:00]} 35. Kg3 {[%clk 0:08:59]} Ra2
{[%clk 0:25:37]} 36. Rc8+ {[%clk 0:09:21]} Ke7 {[%clk 0:26:04]} 37. Rc7+
{[%clk 0:09:48]} Kf6 {[%clk 0:26:22]} 38. Rxa7 {[%clk 0:10:14]} e5
{[%clk 0:25:01]} 39. h4 {[%clk 0:09:39]} h5 {[%clk 0:24:36]} 40. Ra8
{[%clk 0:39:54]} g6 {[%clk 0:54:23]} 41. a7 {[%clk 0:39:48]} Ke7 {[%clk 0:53:24]}
42. Kh3 {[%clk 0:39:57]} Ra3 {[%clk 0:53:12]} 43. Kh2 {[%clk 0:37:03]} Ra1
{[%clk 0:50:57]} 44. g4 {[%clk 0:36:57]} Kf6 {[%clk 0:45:34]} 45. Kg2
{[%clk 0:33:59]} Ra2+ {[%clk 0:45:47]} 46. Kf1 {[%clk 0:32:57]} Ra1+
{[%clk 0:45:50]} 47. Ke2 {[%clk 0:33:19]} Ra2+ {[%clk 0:46:04]} 48. Kd3
{[%clk 0:32:49]} Ra3+ {[%clk 0:46:24]} 49. Kc4 {[%clk 0:33:06]} Ra1
{[%clk 0:46:26]} 50. g5+ {[%clk 0:33:06]} Ke7 {[%clk 0:44:43]} 51. Kd5
{[%clk 0:33:16]} Ra5+ {[%clk 0:45:06]} 52. Kc6 {[%clk 0:33:36]} Ra1
{[%clk 0:45:00]} 53. Kb7 {[%clk 0:33:49]} Rb1+ {[%clk 0:45:01]} 54. Kc6
{[%clk 0:34:17]} Ra1 {[%clk 0:44:52]} 55. Kc5 {[%clk 0:27:52]} Ra6
{[%clk 0:44:29]} 56. Kb5 {[%clk 0:27:45]} Ra1 {[%clk 0:44:49]} 57. Kb6
{[%clk 0:28:05]} Rb1+ {[%clk 0:44:53]} 58. Ka5 {[%clk 0:27:38]} Ra1+
{[%clk 0:45:13]} 59. Kb5 {[%clk 0:27:53]} Rb1+ {[%clk 0:45:29]} 60. Ka4
{[%clk 0:27:41]} Ra1+ {[%clk 0:45:44]} 61. Kb3 {[%clk 0:28:10]} Ra6
{[%clk 0:45:47]} 62. Kc4 {[%clk 0:26:34]} Ra5 {[%clk 0:44:54]} 63. Kb4
{[%clk 0:26:41]} Ra1 {[%clk 0:45:13]} 64. Kb5 {[%clk 0:25:37]} Rb1+
{[%clk 0:42:37]} 65. Kc6 {[%clk 0:25:58]} Ra1 {[%clk 0:43:03]} 66. Kc5
{[%clk 0:21:02]} Ra6 {[%clk 0:43:12]} 67. Kb4 {[%clk 0:15:17]} Ra1
{[%clk 0:43:26]} 68. Kc3 {[%clk 0:15:27]} Ra6 {[%clk 0:43:09]} 69. f4
{[%clk 0:13:58]} exf4 {[%clk 0:41:57]} 70. Kd2 {[%clk 0:14:27]} Ra2+
{[%clk 0:41:21]} 71. Ke1 {[%clk 0:14:57]} Ra1+ {[%clk 0:40:41]} 72. Kf2
{[%clk 0:15:25]} Ra3 {[%clk 0:41:00]} 73. Kg2 {[%clk 0:15:38]} Rg3+
{[%clk 0:41:23]} 74. Kf2 {[%clk 0:15:42]} Ra3 {[%clk 0:41:40]} 75. e5
{[%clk 0:15:13]} Ra5 {[%clk 0:41:34]} 76. Kf3 {[%clk 0:15:10]} Ra4
{[%clk 0:41:53]} 77. e6 {[%clk 0:15:16]} Ra3+ {[%clk 0:40:29]} 78. Kxf4
{[%clk 0:15:22]} Ra4+ {[%clk 0:40:02]} 79. Ke5 {[%clk 0:14:17]} Ra5+
{[%clk 0:40:12]} 80. Kd4 {[%clk 0:14:45]} Ra4+ {[%clk 0:40:20]} 81. Kc5
{[%clk 0:15:03]} Ra1 {[%clk 0:40:06]} 82. exf7 {[%clk 0:14:37]} Rc1+
{[%clk 0:37:10]} 83. Kd4 {[%clk 0:14:49]} Rd1+ {[%clk 0:37:22]} 84. Ke3
{[%clk 0:15:00]} Re1+ {[%clk 0:37:43]} 85. Kd2 {[%clk 0:15:15]} 1-0